| 000 | 00528nam a2200193Ia 4500 | ||
|---|---|---|---|
| 005 | 20250423094710.0 | ||
| 008 | 250422s9999 xx 000 0 und d | ||
| 020 | _a9780071792813 | ||
| 050 | _aRC 669.2 .T69/ | ||
| 100 | _aToy, Eugene C. | ||
| 245 | 0 | _aCase files internal medicine | |
| 250 | _a4th ed. | ||
| 260 | _aNew York | ||
| 260 | _bMcGraw Hill Medical | ||
| 260 | _c2013 | ||
| 300 | _a560 p | ||
| 650 | _aCardiovascular Diseases--Case Reports. Cardiovascular Diseases--Problems and Exercises. | ||
| 942 | _cBK | ||
| 999 |
_c28023 _d28023 |
||